Enciclopedia práctica del docente (Registro nro. 213)

Detalles MARC
000 -Cabecera
Campo de control interno 00553nam a2200217Ia 4500
005 - Fecha y hora del registro
control field 20251203123019.0
008 - Elementos de Longitud Fija
fixed length control field 251203t2002||||xx |||||||||||||| ||spa||
020 ## - ISBN
ISBN 8480554827
041 ## - Idioma
Codigo Idioma ESP
082 ## - DEWEY y NOTACIÓN INTERNA
Dewey RE 371
Notación Interna C285
110 ## - AUTOR INSTTITUCIONAL
Autor Institucional Cultural
245 #0 - TÍTULO DE MATERIAL BIBLIOGRÁFICO
Título Enciclopedia práctica del docente
Título paralelo
260 ## - CIUDAD, EDITORIAL, AÑO
Ciudad Madrid :
Nombre de la Editorial Cultural
Año 2002
300 ## - DESCRIPCIÓN
N° Páginas 312 páginas :
Otros detalles ilustraciones ;
Dimensiones 28 cm.
Material Adicional
440 ## - MENCIÓN DE SERIE
Título de la Serie
Número de Serie
Volumen de Serie
650 ## - TEMAS
Temas Ciencias Sociales
653 ## - DESCRIPTORES
Lenguajes no controlado Educación; Métodos de enseñanza
654 ## - PROGRAMAS
Programa Dpto. de Educación
942 ## - ELEMENTOS DE KOHA
Tipo de documento Enciclopedia
Nombre del creador Justo Noguera
Código de catalogador Mirtha Ponce
Esquema de clasificación Dewey Decimal Classification
Suppress in OPAC
Existencias
Codigo completo Registro Colección Copia número Disponibilidad Tipo de préstamo Biblioteca Actual Procedencia (Biblioteca) Ubicacón Fecha Ingreso Tipo de Adquisición Date last seen Total checkouts Price effective from Tipo de Item Estado del Material Fuente de Clasificación Damaged status Withdrawn status
RE 371 C285 1085082 Colección Vera Bejar 1   Restringido Víctor Andrés Belaunde Víctor Andrés Belaunde Planta baja cerrada 03/10/2025 Donación 03/12/2025   03/12/2025 Enciclopedia Bueno Dewey Decimal Classification   Withdrawn